Top 10 American Football Transfer Records - Statistics

General Stats
  • This quiz has been taken 62 times
  • The average score is 7 of 10
Answer Stats
Rank Name Joined Left Season Fee % Correct
1 Christian Pulisic Chelsea FC Borussia Dortmund 18/19 €64.00m
100%
10 Christian Pulisic AC Milan Chelsea FC 23/24 €20.80m
100%
9 Sergiño Dest FC Barcelona Ajax Amsterdam 20/21 €21.00m
84%
7 Weston McKennie Juventus FC FC Schalke 04 21/22 €21.90m
82%
5 Tyler Adams AFC Bournemouth Leeds United 23/24 €26.90m
64%
8 Yunus Musah AC Milan Valencia CF 23/24 €21.20m
64%
4 Folarin Balogun AS Monaco Arsenal FC 23/24 €30.00m
63%
3 Brenden Aaronson Leeds United Red Bull Salzburg 22/23 €32.84m
52%
2 Malik Tillman Bayer 04 Leverkusen PSV Eindhoven 25/26 €35.00m
46%
6 Johnny Cardoso Atlético de Madrid Real Betis Balompié 25/26 €24.00m
38%
No matching quizzes found
Score Distribution
Percent of People with Each Score
Percentile by Number Answered
Your Score History
You have not taken this quiz